Brocal (Poemas)

שמור ב:
מידע ביבליוגרפי
מחבר ראשי: Conde, Carmen
פורמט: ספר
שפה:Undetermined
יצא לאור: Madrid, España Cuadernos Literarios 1928
נושאים:
תגים: הוספת תג
אין תגיות, היה/י הראשונ/ה לתייג את הרשומה!

MARC

LEADER 00000nam a2200000Ia 4500
008 170316s9999 xx 000 0 und d
040 |a cru BVZT 
090 |a 860 C-39b 
100 |a Conde, Carmen 
245 |a Brocal (Poemas) 
260 |a Madrid, España 
260 |b Cuadernos Literarios 
260 |c 1928 
300 |a 83 páginas 
650 |a LITERATURA LATINOAMERICANA 
942 |c 15 D 
999 |c 8529  |d 8529